| 000 | 00455 a2200157 4500 | ||
|---|---|---|---|
| 005 | 20250411092520.0 | ||
| 020 | _a03-043686-9 | ||
| 082 | _a658.87 MAR | ||
| 100 | _aMARQUARDT, R. A. | ||
| 245 | _aRetail Management: Satisfaction of Consumer Needs | ||
| 250 | _a2nd Ed. | ||
| 260 |
_aUSA., _bThe Dryden Press, _c1979. |
||
| 300 |
_axix, 663p., ill., table, figure, _bGlossary, index, _c24cm. |
||
| 700 | _aMAKENS, J. C. & ROE, R. G. | ||
| 942 |
_2ddc _cBKS |
||
| 999 |
_c1312 _d1312 |
||